000 00262nam a22001217a 4500
082 _a158
_bFRA/M
100 _aFRANKL,VICTOR .E
245 _aMAN'S SEARCH FOR MEANING
260 _aMUMBAI
_bBETTER YOURSELF BOOKS
300 _a120
650 _zMUMBAI
942 _cBK
999 _c5115
_d5115